[Event "CZE-chT2F 1011"]
[Site "Czech Republic"]
[Date "2011.01.09"]
[Round "5.7"]
[White "Slovak, Petr"]
[Black "Premus, Jan"]
[Result "0-1"]
[WhiteElo "2112"]
[BlackElo "1976"]
[PlyCount "44"]
[EventDate "2010.10.17"]
[EventType "team-tourn"]
[EventRounds "11"]
[EventCountry "CZE"]
[SourceTitle "EXT 2012"]
[Source "ChessBase"]
[SourceDate "2011.11.24"]
[SourceVersion "1"]
[SourceVersionDate "2011.11.24"]
[SourceQuality "1"]
[WhiteTeam "Frydek Mistek II"]
[BlackTeam "Opava"]
[WhiteTeamCountry "CZE"]
[BlackTeamCountry "CZE"]

1. c4 Nf6 2. Nc3 c5 3. g3 Nc6 4. Bg2 e6 5. e4 d6 6. d3 g6 7. Nge2 Bg7 8. 0-0 0-0 9. h3 a6 10. Be3 h6 11. Qd2 Kh7 12. f4 Ng8 13. g4 f5 14. exf5 exf5 15. g5 Be6 16. h4 h5 17. Rad1 Rb8 18. b3 Nd4 19. Nd5 Bxd5 20. Bxd5 Nxe2+ 21. Qxe2 Re8 22. Qf3 Rxe3 0-1

[Event "CZE-chT2F 1011"]
[Site "Czech Republic"]
[Date "2010.11.21"]
[Round "3.7"]
[White "Slovak, Petr"]
[Black "Vasek, Vladimir"]
[Result "1-0"]
[WhiteElo "2112"]
[BlackElo "1964"]
[PlyCount "59"]
[EventDate "2010.10.17"]
[EventType "team-tourn"]
[EventRounds "11"]
[EventCountry "CZE"]
[SourceTitle "EXT 2012"]
[Source "ChessBase"]
[SourceDate "2011.11.24"]
[SourceVersion "1"]
[SourceVersionDate "2011.11.24"]
[SourceQuality "1"]
[WhiteTeam "Frydek Mistek II"]
[BlackTeam "Senov"]
[WhiteTeamCountry "CZE"]
[BlackTeamCountry "CZE"]

1. c4 Nf6 2. Nc3 g6 3. d4 Bg7 4. e4 d6 5. f4 0-0 6. Nf3 Nbd7 7. Bd3 c5 8. d5 e6 9. dxe6 fxe6 10. 0-0 a6 11. Ng5 Nb6 12. e5 dxe5 13. fxe5 Qd4+ 14. Kh1 Qxe5 15. Bf4 Qd4 16. Qe2 Nh5 17. Be3 Qh4 18. Rxf8+ Bxf8 19. Qf3 Ng3+ 20. Qxg3 Qxg3 21. hxg3 e5 22. Rf1 Be7 23. Nf3 Nd7 24. Nd5 Bd6 25. Ng5 b6 26. Nxh7 Kxh7 27. Rf7+ Kh8 28. Bxg6 Nf8 29. Bh6 Be6 30. Bg7+ 1-0

[Event "CZE-chT2F 1011"]
[Site "Czech Republic"]
[Date "2010.10.17"]
[Round "1.8"]
[White "Suchanek, Miroslav"]
[Black "Slovak, Petr"]
[Result "1/2-1/2"]
[WhiteElo "2013"]
[BlackElo "2112"]
[PlyCount "78"]
[EventDate "2010.10.17"]
[EventType "team-tourn"]
[EventRounds "11"]
[EventCountry "CZE"]
[SourceTitle "EXT 2012"]
[Source "ChessBase"]
[SourceDate "2011.11.24"]
[SourceVersion "1"]
[SourceVersionDate "2011.11.24"]
[SourceQuality "1"]
[WhiteTeam "Benesov"]
[BlackTeam "Frydek Mistek II"]
[WhiteTeamCountry "CZE"]
[BlackTeamCountry "CZE"]

1. d4 Nf6 2. Nf3 e6 3. c4 d5 4. Nc3 c5 5. cxd5 Nxd5 6. e4 Nxc3 7. bxc3 cxd4 8. Bb5+ Bd7 9. Bxd7+ Nxd7 10. cxd4 Bb4+ 11. Bd2 Qa5 12. 0-0 Bxd2 13. Nxd2 Rc8 14. Nb3 Qa6 15. f4 0-0 16. f5 e5 17. Kh1 Rfd8 18. Qe1 Rc2 19. dxe5 Nxe5 20. h3 Qe2 21. Qxe2 Rxe2 22. Rfe1 Rxe1+ 23. Rxe1 Rc8 24. Re2 Kf8 25. Kh2 Rc3 26. Nd4 Rc4 27. Nf3 Nxf3+ 28. gxf3 b5 29. Kg3 Ke7 30. Rd2 b4 31. Rd5 Rc1 32. Ra5 Rg1+ 33. Kf4 g5+ 34. fxg6 hxg6 35. Rxa7+ Ke6 36. Ra6+ Ke7 37. Rb6 Ra1 38. Rxb4 Rxa2 39. Rb6 Rh2 1/2-1/2

[Event "CZE-chT2F 0910"]
[Site "Czech Republic"]
[Date "2010.03.14"]
[Round "9.6"]
[White "Zdrazil, Tomas"]
[Black "Slovak, Petr"]
[Result "0-1"]
[WhiteElo "2076"]
[BlackElo "2114"]
[PlyCount "58"]
[EventDate "2009.10.18"]
[EventType "team-tourn"]
[EventRounds "11"]
[EventCountry "CZE"]
[SourceTitle "EXT 2012"]
[Source "ChessBase"]
[SourceDate "2011.11.24"]
[SourceVersion "1"]
[SourceVersionDate "2011.11.24"]
[SourceQuality "1"]
[WhiteTeam "Bruntal"]
[BlackTeam "Frydek Mistek II"]
[WhiteTeamCountry "CZE"]
[BlackTeamCountry "CZE"]

1. e4 e6 2. d4 d5 3. Nd2 c5 4. exd5 exd5 5. dxc5 Bxc5 6. Nb3 Bd6 7. Nf3 Nc6 8. Bd3 Nge7 9. 0-0 0-0 10. Bg5 h6 11. Bh4 Bg4 12. Re1 Qc7 13. Bg3 Rfd8 14. c3 a6 15. Be2 Bxg3 16. hxg3 Nf5 17. Qd2 Nfe7 18. Rad1 Rac8 19. Nfd4 Bxe2 20. Rxe2 Ne5 21. Rde1 N7g6 22. Nf5 Ng4 23. Qd4 Nf6 24. Nxh6+ Kh7 25. Nf5 Qd7 26. Ne7 Rc4 27. Qd3 Re4 28. Nxd5 Qxd5 29. Qxd5 Rxe2 0-1

[Event "CZE-chT2F 0910"]
[Site "Czech Republic"]
[Date "2009.11.08"]
[Round "2.4"]
[White "Slovak, Petr"]
[Black "Zelenka, Milan"]
[Result "1/2-1/2"]
[WhiteElo "2114"]
[BlackElo "2182"]
[PlyCount "53"]
[EventDate "2009.10.18"]
[EventType "team-tourn"]
[EventRounds "11"]
[EventCountry "CZE"]
[SourceTitle "EXT 2012"]
[Source "ChessBase"]
[SourceDate "2011.11.24"]
[SourceVersion "1"]
[SourceVersionDate "2011.11.24"]
[SourceQuality "1"]
[WhiteTeam "Frydek Mistek II"]
[BlackTeam "Morkov"]
[WhiteTeamCountry "CZE"]
[BlackTeamCountry "CZE"]

1. e4 e6 2. d4 d5 3. exd5 exd5 4. c4 c6 5. Nc3 Nf6 6. Bd3 Be7 7. Nge2 0-0 8. 0-0 Nbd7 9. cxd5 Nxd5 10. Nxd5 cxd5 11. Nc3 Nf6 12. Qb3 b6 13. Bf4 Bd6 14. Bxd6 Qxd6 15. h3 Be6 16. Rac1 Qf4 17. Nb5 Ne4 18. Bxe4 dxe4 19. d5 Bd7 20. Rfe1 Bxb5 21. Qxb5 Rad8 22. Rcd1 f5 23. Qa4 Qc7 24. Re2 Qd7 25. Qd4 Rf6 26. Red2 Rd6 27. b3 1/2-1/2

[Event "Moravia-Silesia Region-chT 0708"]
[Site "Czech Republic"]
[Date "2008.02.24"]
[Round "8.4"]
[White "Hovurek, Gerhard"]
[Black "Slovak, Petr"]
[Result "0-1"]
[WhiteElo "1865"]
[BlackElo "2089"]
[PlyCount "78"]
[EventDate "2007.10.28"]
[EventType "team-tourn"]
[EventRounds "11"]
[EventCountry "CZE"]
[SourceTitle "EXT 2024"]
[Source "ChessBase"]
[SourceDate "2023.10.10"]
[SourceVersion "1"]
[SourceVersionDate "2023.10.10"]
[SourceQuality "1"]

1. c4 Nf6 2. Nc3 e5 3. Nf3 Nc6 4. d4 d6 5. d5 Nb8 6. Bg5 h6 7. Bxf6 gxf6 8. Qc2 f5 9. e4 fxe4 10. Nxe4 f5 11. Nc3 Bg7 12. Rd1 0-0 13. Be2 a5 14. 0-0 Nd7 15. a3 Rf7 16. b4 Qf6 17. Nb5 Nf8 18. c5 axb4 19. axb4 Bd7 20. c6 bxc6 21. dxc6 Be6 22. Bc4 Bxc4 23. Qxc4 Qe6 24. Qc1 Rb8 25. Nxd6 cxd6 26. b5 Rxb5 27. Qa3 Rc5 28. Rfe1 e4 29. Nd4 Bxd4 30. Rxd4 Rxc6 31. Red1 Rd7 32. Qa8 d5 33. Qa2 Rcd6 34. Qb3 Qe5 35. Ra4 Kg7 36. Ra8 d4 37. Rda1 d3 38. Qb8 Qf6 39. R1a7 d2 0-1

[Event "Moravia-Silesia Region-chT 0708"]
[Site "Czech Republic"]
[Date "2008.01.20"]
[Round "6.5"]
[White "Slovak, Petr"]
[Black "Ockay, Tomas"]
[Result "1/2-1/2"]
[WhiteElo "2089"]
[BlackElo "2113"]
[PlyCount "55"]
[EventDate "2007.10.28"]
[EventType "team-tourn"]
[EventRounds "11"]
[EventCountry "CZE"]
[SourceTitle "EXT 2024"]
[Source "ChessBase"]
[SourceDate "2023.10.10"]
[SourceVersion "1"]
[SourceVersionDate "2023.10.10"]
[SourceQuality "1"]

1. e4 c6 2. d4 d5 3. exd5 cxd5 4. c4 Nf6 5. Nc3 Nc6 6. Nf3 Bg4 7. Be2 e6 8. 0-0 dxc4 9. Be3 Be7 10. h3 Bh5 11. Ne5 Bxe2 12. Qxe2 Rc8 13. Rad1 0-0 14. Nxc4 Nb4 15. Ne5 Nbd5 16. Qf3 Qa5 17. Nxd5 Qxd5 18. Qg3 Rfd8 19. Bh6 Bf8 20. Rfe1 Ne4 21. Qf3 Nd6 22. Qxd5 exd5 23. Bf4 Rc2 24. Rd2 Rxd2 25. Bxd2 Ne4 26. Be3 Rc8 27. Rc1 Rxc1+ 28. Bxc1 1/2-1/2

[Event "Pobeskydy Chance 18th"]
[Site "Frydek Mistek"]
[Date "2007.04.09"]
[Round "9"]
[White "Bury, Rastislav"]
[Black "Slovak, Petr"]
[Result "1/2-1/2"]
[WhiteElo "2140"]
[BlackElo "2085"]
[PlyCount "23"]
[EventDate "2007.04.05"]
[EventType "swiss"]
[EventRounds "9"]
[EventCountry "CZE"]
[SourceTitle "CBM 118 Extra"]
[Source "ChessBase"]
[SourceDate "2007.07.04"]
[SourceVersion "1"]
[SourceVersionDate "2007.07.04"]
[SourceQuality "1"]

1. d4 Nf6 2. c4 c5 3. d5 b5 4. cxb5 a6 5. bxa6 Bxa6 6. Nc3 d6 7. e4 Bxf1 8. Kxf1 Nbd7 9. Nf3 g6 10. g3 Bg7 11. Kg2 0-0 12. h3 1/2-1/2

[Event "Pobeskydy Chance 18th"]
[Site "Frydek Mistek"]
[Date "2007.04.07"]
[Round "6"]
[White "Slovak, Petr"]
[Black "Machlowski, Slawomir"]
[Result "1/2-1/2"]
[WhiteElo "2085"]
[BlackElo "2164"]
[PlyCount "90"]
[EventDate "2007.04.05"]
[EventType "swiss"]
[EventRounds "9"]
[EventCountry "CZE"]
[SourceTitle "CBM 118 Extra"]
[Source "ChessBase"]
[SourceDate "2007.07.04"]
[SourceVersion "1"]
[SourceVersionDate "2007.07.04"]
[SourceQuality "1"]

1. e4 e6 2. d4 c5 3. Nf3 cxd4 4. Nxd4 Qb6 5. Nb3 Qc7 6. Bd3 Nf6 7. 0-0 Be7 8. Nc3 a6 9. f4 d6 10. e5 dxe5 11. fxe5 Qxe5 12. Bf4 Qh5 13. Be2 Qg6 14. Na4 Nbd7 15. Bd6 Qe4 16. Nc3 Qc6 17. Bg3 Nd5 18. Nxd5 Qxd5 19. Qe1 0-0 20. Rd1 Qe4 21. c3 Nc5 22. Kh1 Nxb3 23. axb3 Qc2 24. Bd3 Qxb3 25. Qe4 f5 26. Qe2 b5 27. c4 Bf6 28. Rd2 Kh8 29. cxb5 axb5 30. Bxb5 Bg5 31. Bc4 Qa4 32. b3 Qa5 33. Rd6 f4 34. Qe4 Bb7 35. Qxb7 fxg3 36. Rxe6 Rxf1+ 37. Bxf1 Rf8 38. Qa6 Qf5 39. Re1 gxh2 40. Bd3 Qc5 41. Qe6 g6 42. Kxh2 Bf4+ 43. Kh1 Qf2 44. Rf1 Qg3 45. Qh3 Rb8 1/2-1/2

[Event "CZE-chT2f 0506"]
[Site "Czech Republic"]
[Date "2005.11.20"]
[Round "3.2"]
[White "Slovak, Petr"]
[Black "Tkadlec, Miloslav"]
[Result "0-1"]
[WhiteElo "2105"]
[BlackElo "2119"]
[PlyCount "96"]
[EventDate "2005.10.16"]
[EventType "team"]
[EventRounds "11"]
[EventCountry "CZE"]
[SourceTitle "EXT 2009"]
[Source "ChessBase"]
[SourceDate "2008.11.26"]
[SourceVersion "1"]
[SourceVersionDate "2008.11.26"]
[SourceQuality "1"]

1. e4 c6 2. d4 d5 3. exd5 cxd5 4. c4 Nf6 5. Nc3 g6 6. Nf3 Bg7 7. Qb3 0-0 8. cxd5 Nbd7 9. d6 exd6 10. Be2 Nb6 11. 0-0 Be6 12. Qd1 Rc8 13. Bg5 h6 14. Bxf6 Bxf6 15. Ne4 Bg7 16. b3 f5 17. Ng3 Kh7 18. h4 Qd7 19. Qd2 Nd5 20. Rfe1 Nc3 21. Bd3 Kh8 22. Rac1 Nd5 23. Rxc8 Rxc8 24. h5 f4 25. Ne4 g5 26. Bc4 Bg8 27. Qa5 b6 28. Qa3 Rd8 29. Re2 b5 30. Bd3 Bf7 31. Qa6 Bxh5 32. Bxb5 Nc7 33. Bxd7 Nxa6 34. Bf5 Bxf3 35. gxf3 Bxd4 36. Rd2 Be5 37. Rd5 Nc7 38. Ra5 a6 39. Kf1 Kg7 40. Ke2 Rb8 41. Kd3 Rb4 42. Bc8 Rb8 43. Bd7 Kf7 44. Kc4 d5+ 45. Rxd5 Nxd5 46. Kxd5 Bc7 47. Kc6 Ba5 48. Nd6+ Kf6 0-1

[Event "CZE-chT1 East 0506"]
[Site "Czech Republic"]
[Date "2005.11.13"]
[Round "2.8"]
[White "Slovak, Petr"]
[Black "Splichal, Stanislav"]
[Result "0-1"]
[WhiteElo "2105"]
[BlackElo "2206"]
[PlyCount "82"]
[EventDate "2005.10.23"]
[EventType "team"]
[EventRounds "11"]
[EventCountry "CZE"]
[SourceTitle "EXT 2008"]
[Source "ChessBase"]
[SourceDate "2007.11.25"]
[SourceVersion "1"]
[SourceVersionDate "2007.11.25"]
[SourceQuality "1"]

1. d4 Nf6 2. c4 e6 3. Nc3 Bb4 4. f3 c5 5. d5 d6 6. e4 Bxc3+ 7. bxc3 e5 8. Bd3 Nbd7 9. Ne2 Nf8 10. Bg5 h6 11. Bd2 Ng6 12. Bc2 Bd7 13. Rb1 Rb8 14. h4 Nh5 15. Ba4 0-0 16. g4 Bxa4 17. Qxa4 Nhf4 18. Nxf4 exf4 19. Ke2 Nxh4 20. Qxa7 Ng6 21. Rxb7 Ra8 22. Qb6 Rxa2 23. Qb5 Ne5 24. Rh5 Qf6 25. Qb3 Ra1 26. Rb8 Rxb8 27. Qxb8+ Kh7 28. Qc8 Nxc4 29. Kd3 Ne5+ 30. Rxe5 dxe5 31. Qxc5 Qh4 32. d6 Qh1 33. Qxe5 Qxf3+ 34. Kc4 Qe2+ 35. Kb4 Rb1+ 36. Ka5 Qc4 37. Qf5+ g6 38. Qd7 Qc5+ 39. Ka4 Qc4+ 40. Ka5 Qa2+ 41. Qa4 Qxd2 0-1

[Event "Pobeskydy Alpress 16th"]
[Site "Frydek Mistek"]
[Date "2005.03.28"]
[Round "9"]
[White "Krzyzanowski, Marcin"]
[Black "Slovak, Petr"]
[Result "1/2-1/2"]
[WhiteElo "1942"]
[BlackElo "2128"]
[PlyCount "82"]
[EventDate "2005.03.24"]
[EventType "swiss"]
[EventRounds "9"]
[EventCountry "CZE"]
[SourceTitle "CBM 105 Extra"]
[Source "ChessBase"]
[SourceDate "2005.05.01"]
[SourceVersion "1"]
[SourceVersionDate "2005.05.01"]
[SourceQuality "1"]

1. e4 e6 2. d4 d5 3. Nc3 Bb4 4. e5 c5 5. a3 Ba5 6. b4 cxd4 7. Nb5 Bc7 8. f4 Nc6 9. Nf3 f6 10. Nbxd4 Nxd4 11. Qxd4 Bb6 12. Qd2 fxe5 13. fxe5 Nh6 14. Bd3 Ng4 15. Qg5 Qxg5 16. Bxg5 0-0 17. Rc1 Bd7 18. Rf1 Rac8 19. Ke2 Rc3 20. h3 Nh6 21. Be7 Re8 22. Bd6 Rxa3 23. Ng5 Nf5 24. g4 Ng3+ 25. Kd2 h6 26. Rf7 Bc8 27. Rf3 Ne4+ 28. Nxe4 dxe4 29. Bxe4 Rxf3 30. Bxf3 Rd8 31. c4 Bd4 32. Ke2 b6 33. Rd1 Bb2 34. c5 Ba6+ 35. Kf2 Bb5 36. Ke3 Bc3 37. c6 Bxc6 38. Rc1 Bxf3 39. Kxf3 Bd2 40. Rc2 Be1 41. Ke2 Bh4 1/2-1/2

[Event "Pobeskydy Alpress 15th"]
[Site "Frydek Mistek"]
[Date "2004.04.11"]
[Round "8"]
[White "Smolen, Jan"]
[Black "Slovak, Petr"]
[Result "1/2-1/2"]
[WhiteElo "2273"]
[BlackElo "2141"]
[PlyCount "56"]
[EventDate "2004.04.08"]
[EventType "swiss"]
[EventRounds "9"]
[EventCountry "CZE"]
[SourceTitle "EXT 2006"]
[Source "ChessBase"]
[SourceDate "2005.11.24"]
[SourceVersion "1"]
[SourceVersionDate "2005.11.24"]
[SourceQuality "1"]

1. e4 e6 2. d4 d5 3. Nd2 c5 4. Ngf3 Nc6 5. exd5 exd5 6. dxc5 Bxc5 7. Nb3 Bd6 8. Bb5 Nge7 9. 0-0 0-0 10. Bg5 Qb6 11. Bd3 h6 12. Bh4 Bg4 13. Bg3 Ne5 14. Be2 Nxf3+ 15. Bxf3 Bxg3 16. hxg3 Bxf3 17. Qxf3 Rfd8 18. Rad1 d4 19. Rd2 a5 20. Qh5 Rd5 21. Qh4 Nc6 22. Rfd1 Rad8 23. Nc1 Ne5 24. b3 R5d6 25. Nd3 Nxd3 26. Rxd3 Qc5 27. R1d2 b5 28. Qe4 b4 1/2-1/2

[Event "CZE-ch U16"]
[Site "Czech Republic"]
[Date "2004.??.??"]
[Round "9"]
[White "Petr, Martin"]
[Black "Slovak, Petr"]
[Result "1/2-1/2"]
[WhiteElo "2238"]
[BlackElo "2124"]
[PlyCount "23"]
[EventDate "2004.03.06"]
[EventType "swiss"]
[EventRounds "9"]
[EventCountry "CZE"]
[SourceTitle "EXT 2007"]
[Source "ChessBase"]
[SourceDate "2006.11.23"]
[SourceVersion "1"]
[SourceVersionDate "2006.11.23"]
[SourceQuality "1"]

1. e4 e6 2. d4 d5 3. Nd2 c5 4. exd5 exd5 5. Ngf3 Nc6 6. Bb5 Bd6 7. dxc5 Bxc5 8. 0-0 Nge7 9. Nb3 Bd6 10. Re1 0-0 11. Bg5 Qc7 12. Bh4 1/2-1/2

[Event "CZE-ch U16"]
[Site "Czech Republic"]
[Date "2004.??.??"]
[Round "4"]
[White "Priborsky, Marek"]
[Black "Slovak, Petr"]
[Result "1-0"]
[WhiteElo "2093"]
[BlackElo "2124"]
[PlyCount "89"]
[EventDate "2004.03.06"]
[EventType "swiss"]
[EventRounds "9"]
[EventCountry "CZE"]
[SourceTitle "EXT 2007"]
[Source "ChessBase"]
[SourceDate "2006.11.23"]
[SourceVersion "1"]
[SourceVersionDate "2006.11.23"]
[SourceQuality "1"]

1. e4 e6 2. d4 d5 3. Nd2 c5 4. exd5 exd5 5. Ngf3 Nc6 6. Bb5 Bd6 7. 0-0 cxd4 8. Nb3 Nge7 9. Nbxd4 0-0 10. Bg5 Bg4 11. Bxc6 bxc6 12. Nxc6 Qc7 13. Nxe7+ Bxe7 14. Bxe7 Qxe7 15. Qxd5 Rad8 16. Qg5 Qxg5 17. Nxg5 Rd2 18. f3 Bf5 19. Rf2 Rxc2 20. Rxc2 Bxc2 21. Rc1 Bd3 22. Rc7 h6 23. Ne4 Bxe4 24. fxe4 Rd8 25. Kf1 Rd2 26. Rb7 a5 27. a4 Rd4 28. b3 Rxe4 29. Kf2 Kf8 30. Rb5 Ke7 31. Rxa5 Ke6 32. Rb5 f5 33. Rb7 g5 34. Rb6+ Ke5 35. Rxh6 Rd4 36. Rh3 Rd2+ 37. Kf1 Ke4 38. Rc3 f4 39. h3 Rb2 40. a5 Rb1+ 41. Kf2 Rb2+ 42. Kg1 Rb1+ 43. Kh2 Rb2 44. a6 f3 45. Rxf3 1-0

[Event "CZE-ch U16"]
[Site "Czech Republic"]
[Date "2004.??.??"]
[Round "8"]
[White "Slovak, Petr"]
[Black "Priborsky, Jan"]
[Result "1-0"]
[WhiteElo "2124"]
[BlackElo "2229"]
[PlyCount "89"]
[EventDate "2004.03.06"]
[EventType "swiss"]
[EventRounds "9"]
[EventCountry "CZE"]
[SourceTitle "EXT 2007"]
[Source "ChessBase"]
[SourceDate "2006.11.23"]
[SourceVersion "1"]
[SourceVersionDate "2006.11.23"]
[SourceQuality "1"]

1. d4 Nf6 2. c4 g6 3. Nc3 Bg7 4. e4 d6 5. f4 0-0 6. Nf3 Na6 7. e5 Nd7 8. Be3 c5 9. Be2 cxd4 10. Bxd4 dxe5 11. fxe5 Qa5 12. e6 fxe6 13. Bxg7 Kxg7 14. 0-0 Nf6 15. a3 e5 16. b4 Qb6+ 17. Kh1 e4 18. Ng5 Bf5 19. c5 Qd8 20. Qc2 Nc7 21. Rad1 Qc8 22. Qb2 e3 23. Nd5 Ncxd5 24. Rxd5 h6 25. Nf3 Kh7 26. Re5 Qc7 27. h3 Ne4 28. Kg1 Ng3 29. Re1 Be4 30. Re6 Rad8 31. Qe5 Qxe5 32. Rxe5 Rd2 33. Rxe7+ Kh8 34. Bd1 Ra2 35. Rxe3 Rd8 36. Re1 Rxa3 37. Kf2 Bxf3 38. Bxf3 Nf5 39. Rxb7 Ra2+ 40. Kg1 Nd4 41. c6 Rc2 42. c7 Rc8 43. Re7 Nxf3+ 44. gxf3 a6 45. Rd7 1-0

[Event "Moravia-ch"]
[Site "Czech Republic"]
[Date "2003.10.29"]
[Round "9"]
[White "Hrouza, Ondrej"]
[Black "Slovak, Petr"]
[Result "1/2-1/2"]
[WhiteElo "2066"]
[BlackElo "2127"]
[PlyCount "55"]
[EventDate "2003.10.25"]
[EventType "swiss"]
[EventRounds "9"]
[EventCountry "CZE"]
[SourceTitle "EXT 2009"]
[Source "ChessBase"]
[SourceDate "2008.11.26"]
[SourceVersion "1"]
[SourceVersionDate "2008.11.26"]
[SourceQuality "1"]

1. e4 e6 2. d4 d5 3. Nc3 Bb4 4. e5 c5 5. a3 Ba5 6. b4 cxd4 7. Qg4 Ne7 8. Qxg7 Rg8 9. Qxh7 dxc3 10. bxa5 Nbc6 11. f4 Qxa5 12. Nf3 Bd7 13. Ng5 Rxg5 14. fxg5 0-0-0 15. Qxf7 Nf5 16. Qf6 Qc5 17. g4 Nfd4 18. Bd3 Rf8 19. Rf1 Rxf6 20. exf6 Ne5 21. f7 Nxf7 22. Rxf7 e5 23. g6 Be6 24. Bh6 e4 25. Rf8+ Qxf8 26. Bxf8 exd3 27. Kf2 d2 28. Bh6 1/2-1/2

[Event "MOR-chT2N 0203"]
[Site "Moravia"]
[Date "2002.12.01"]
[Round "4"]
[White "Slovak, Petr"]
[Black "Mitura, Vaclav"]
[Result "0-1"]
[WhiteElo "2120"]
[BlackElo "2243"]
[PlyCount "75"]
[EventDate "2002.10.??"]
[EventType "team"]
[EventRounds "11"]
[EventCountry "CZE"]
[SourceTitle "EXT 2006"]
[Source "ChessBase"]
[SourceDate "2005.11.24"]
[SourceVersion "1"]
[SourceVersionDate "2005.11.24"]
[SourceQuality "1"]

1. d4 d5 2. c4 c6 3. Nf3 Nf6 4. Nc3 Bf5 5. Qb3 Qb6 6. c5 Qc7 7. g3 b6 8. Bf4 Qd8 9. Bg2 e6 10. 0-0 Be7 11. Ne5 0-0 12. cxb6 axb6 13. Na4 Nfd7 14. Rac1 c5 15. dxc5 bxc5 16. g4 Bg6 17. Nxg6 hxg6 18. e3 Nc6 19. Nc3 Nde5 20. Bxe5 Nxe5 21. Rfd1 Nxg4 22. h3 Nf6 23. a4 Qa5 24. Qc2 Rac8 25. Nb5 Rfd8 26. Ra1 Ra8 27. b3 Nd7 28. e4 Nf6 29. exd5 Nxd5 30. Rac1 Rac8 31. Qe2 Nf4 32. Rxd8+ Rxd8 33. Qe1 Qb6 34. Qe4 g5 35. Bf1 Rd2 36. Rc4 Qd8 37. h4 Rd1 38. Qf3 0-1

[Event "Morava-ch"]
[Site "Frydek Mistek"]
[Date "2002.10.30"]
[Round "9"]
[White "Slovak, Petr"]
[Black "Pertlova, Sona"]
[Result "1/2-1/2"]
[WhiteElo "2120"]
[BlackElo "2053"]
[PlyCount "60"]
[EventDate "2002.10.26"]
[EventType "swiss"]
[EventRounds "9"]
[EventCountry "CZE"]
[SourceTitle "EXT 2006"]
[Source "ChessBase"]
[SourceDate "2005.11.24"]
[SourceVersion "1"]
[SourceVersionDate "2005.11.24"]
[SourceQuality "1"]

1. d4 c5 2. d5 Nf6 3. Nc3 d6 4. e4 g6 5. Bc4 Bg7 6. f4 Bg4 7. Qd3 0-0 8. h3 Bc8 9. Nf3 a6 10. a4 e6 11. 0-0 exd5 12. Nxd5 Nc6 13. c3 Nxd5 14. Bxd5 Qc7 15. f5 Ne7 16. fxg6 hxg6 17. Ng5 Nxd5 18. Qxd5 Be5 19. Be3 Kg7 20. Nf3 Be6 21. Qd2 Rh8 22. Nxe5 dxe5 23. Qf2 Qe7 24. Bxc5 Qg5 25. Be3 Qh4 26. Qxh4 Rxh4 27. Bg5 Rxe4 28. Bf6+ Kg8 29. Rad1 Rxa4 30. Rd6 Rf4 1/2-1/2

[Event "Morava-ch"]
[Site "Frydek Mistek"]
[Date "2002.10.29"]
[Round "7"]
[White "Slovak, Petr"]
[Black "Vymazal, Bronislav"]
[Result "1-0"]
[WhiteElo "2120"]
[BlackElo "2050"]
[PlyCount "75"]
[EventDate "2002.10.26"]
[EventType "swiss"]
[EventRounds "9"]
[EventCountry "CZE"]
[SourceTitle "EXT 2006"]
[Source "ChessBase"]
[SourceDate "2005.11.24"]
[SourceVersion "1"]
[SourceVersionDate "2005.11.24"]
[SourceQuality "1"]

1. d4 Nf6 2. c4 g6 3. Nc3 Bg7 4. e4 d6 5. Be3 0-0 6. f3 e5 7. d5 Nbd7 8. b4 Nh5 9. Bd3 Nf4 10. Qd2 Qh4+ 11. g3 Nxd3+ 12. Qxd3 Qh5 13. g4 Qh4+ 14. Bf2 Qe7 15. Nb5 Qd8 16. Ne2 f5 17. gxf5 gxf5 18. Ng3 fxe4 19. fxe4 Nf6 20. h3 h5 21. Be3 h4 22. Ne2 a6 23. Nbc3 Nh5 24. 0-0-0 Nf4 25. Nxf4 exf4 26. Bf2 Qf6 27. Rhg1 Kf7 28. e5 dxe5 29. Bxh4 Qf5 30. Ne4 Kg8 31. Rg5 Qxh3 32. Qxh3 Bxh3 33. Rdg1 Rf7 34. Nf6+ Kf8 35. Nh5 f3 36. Rxg7 Bg2 37. Rxf7+ Kxf7 38. Re1 1-0

[Event "Morava-ch"]
[Site "Frydek Mistek"]
[Date "2002.10.28"]
[Round "5"]
[White "Slovak, Petr"]
[Black "Biolek, Richard"]
[Result "0-1"]
[WhiteElo "2120"]
[BlackElo "2434"]
[PlyCount "60"]
[EventDate "2002.10.26"]
[EventType "swiss"]
[EventRounds "9"]
[EventCountry "CZE"]
[SourceTitle "EXT 2006"]
[Source "ChessBase"]
[SourceDate "2005.11.24"]
[SourceVersion "1"]
[SourceVersionDate "2005.11.24"]
[SourceQuality "1"]

1. d4 d5 2. c4 e6 3. Nc3 Nf6 4. cxd5 exd5 5. Bg5 Be7 6. e3 h6 7. Bf4 0-0 8. Nf3 Be6 9. Bd3 b6 10. 0-0 c5 11. Rc1 Nc6 12. Bb1 Rc8 13. a3 Qd7 14. Qc2 Qb7 15. e4 Nxd4 16. Nxd4 cxd4 17. e5 Ne4 18. f3 dxc3 19. fxe4 d4 20. b4 Qa6 21. Bxh6 gxh6 22. Rf6 Bxf6 23. exf6 d3 24. Qf2 Qb5 25. h4 d2 26. Rf1 Qh5 27. Bc2 Rfd8 28. Bd1 Qg6 29. Bc2 Bg4 30. h5 Qg5 0-1

[Event "CZE-ch U14"]
[Site "Frymburk"]
[Date "2002.??.??"]
[Round "6"]
[White "Beil, Ondrej"]
[Black "Slovak, Petr"]
[Result "1-0"]
[WhiteElo "1718"]
[BlackElo "1863"]
[PlyCount "109"]
[EventDate "2002.03.??"]
[EventType "swiss"]
[EventRounds "8"]
[EventCountry "CZE"]
[SourceTitle "EXT 2004"]
[Source "ChessBase"]
[SourceDate "2003.11.25"]
[SourceVersion "1"]
[SourceVersionDate "2003.11.25"]
[SourceQuality "1"]

1. e4 e6 2. d4 d5 3. e5 c5 4. c3 Qb6 5. Nf3 Bd7 6. a3 Bb5 7. Bxb5+ Qxb5 8. b4 cxd4 9. cxd4 Nd7 10. Nc3 Qc6 11. Bb2 Nb6 12. Nd2 Nc4 13. Nxc4 dxc4 14. Qa4 Qxa4 15. Nxa4 Rc8 16. Rc1 Ne7 17. Nc5 b6 18. Ne4 Nd5 19. 0-0 Nf4 20. Rc2 Nd3 21. Rd1 Kd7 22. f3 Be7 23. Nf2 Nxf2 24. Kxf2 b5 25. Bc3 Kc6 26. f4 a5 27. Ra2 Bd8 28. Kf3 Ra8 29. Rda1 Bb6 30. a4 Rhc8 31. axb5+ Kxb5 32. bxa5 Ba7 33. Ra4 Ka6 34. Rb1 Rab8 35. Rxb8 Rxb8 36. Rxc4 Rb7 37. Rb4 Rc7 38. Rb3 f6 39. Ke4 Rc4 40. Kd3 Ra4 41. g4 Ra2 42. Rb2 Rxb2 43. Bxb2 fxe5 44. dxe5 Kxa5 45. Bd4 Bb8 46. f5 exf5 47. gxf5 Kb5 48. e6 Kc6 49. Bxg7 Bc7 50. Ke4 Bxh2 51. Be5 Bg1 52. f6 Bc5 53. f7 Bf8 54. Kf5 h5 55. Kf6 1-0